فهـرس مكتبـة معهد التخطيـط Institute of National Planning Catalog

الوسيط فى قانون القضاء المدني : (رقم التسجيلة. 6917)

تفاصيل مارك
000 -الفاتح
حقل البيانات ثابتة الطول nam a22 7a 4500
003 - محدد رقم الضبط
رقم الضبط INP
005 - وقت وتاريخ اخر تعامل مع التسجيلة
رقم الضبط 20181118073316.0
008 - عناصر البيانات ثابتة الطول - معلومات عامة
حقل البيانات ثابتة الطول 180309s1993 ua ||||frb||| 000 0 are d
017 ## - رقم الايداع القانونى
رقم الايداع القانونى 7032 / 92
020 ## - الرقم الدولى المعيارى للكتب
الرقم الدولى المعيارى للكتاب 9770063732
040 ## - مصدر الفهرسة
وكالة الفهرسة الأصلية EG-INP
لغة الفهرسة ara
وكالة النسخ EG-INP
082 04 - رقم تصنيف ديوى العشرى
رقم الطبعة 21
رقم التصنيف 347.62
رقم المادة ف و
100 1# - المدخل الرئيسى - إسم شخصى
الإسم الشخصى والي، فتحي.
245 12 - بيان العنوان
العنوان الوسيط فى قانون القضاء المدني :
العنوان الفرعي قانون المرافعات المدنية والتجارية معدلا بالقانون 23 لسنة 1992 (وأهم التشريعات المكملة له) /
بيان المسئولية فتحي والي.
250 ## - بيان الطبعة
بيان الطبعة مزيدة ومنقحة.
260 ## - بيانات النشر
مكان الناشر او الموزع القاهرة :
اسم الناشر او الموزع دار النهضة العربية،
تاريخ النشر أو التوزيع 1993.
300 ## - الوصف المادى
التعداد 979 ص. ؛
أبعاد الوعاء 25 سم.
500 ## - تبصرة عامة
تبصرة عامة طبعة منقحة ومزيدة وفقاً لأحدث أحكام محكمة النقض والمحكة الدستورية العليا.
504 ## - تبصرة ببليوجرافية
تبصرة ببليوجرافية,الخ يشتمل على إرجاعات بيبليوجرافية.
520 ## - التبصرة الخاصة بالتعليق أو التلخيص
ملخص,الخ يتميز القضاء المدنى انه يسبب تنوع المصالح محل الحماية القضائية التى لا تعتمد الدولة فيها الى تنظيم القضاء من نوع واحد فيوجد الى جانب القضاء المدنى القضاء الجنائى والادارى ويتحدد القضاء المدنى فى مصر بطريقة سلبية فهو كل قضاء غير القضاء الجنائى او القضاء الادارى او غيرهما من انواع القضاء الاخرى.
650 #7 - المدخل الاضافى بالموضوع-مصطلح موضوعى
مصدر الرأس أو المصطلح qrmak
مصطلح موضوعي كعنصر مدخل قانون القضاء المدنى
التقسيم الفرعي الجغرافي مصر.
650 #7 - المدخل الاضافى بالموضوع-مصطلح موضوعى
مصدر الرأس أو المصطلح qrmak
مصطلح موضوعي كعنصر مدخل قانون المرافعات.
650 #7 - المدخل الاضافى بالموضوع-مصطلح موضوعى
مصدر الرأس أو المصطلح qrmak
مصطلح موضوعي كعنصر مدخل التحكيم القضائى.
650 #7 - المدخل الاضافى بالموضوع-مصطلح موضوعى
مصدر الرأس أو المصطلح qrmak
مصطلح موضوعي كعنصر مدخل الدعوى المدنية.
650 #7 - المدخل الاضافى بالموضوع-مصطلح موضوعى
مصدر الرأس أو المصطلح qrmak
مصطلح موضوعي كعنصر مدخل الاختصاص القضائى.
901 ## - عنصر بيانات محلىA, LDA (RLIN)
كود المفهرس EGPV15
902 ## - عنصر بيانات محلىB, LDB (RLIN)
كود المراجع EGPV 18
903 ## - original or copycat
a original
المقتنيات
حالة التراجع المكان المؤقت الموقع الحالى نوع وعاء كوها
  Library INP Library INP كتاب